[Event "119th Scottish Championship"]
[Site "Glasgow"]
[Date "2012.07.10"]
[Round "4"]
[White "Arakhamia Grant, Ketevan"]
[Black "Emery, Keith"]
[Result "1-0"]
[WhiteElo "2416"]
[BlackElo "1955"]
[PlyCount "97"]
[EventDate "2012.07.07"]
[EventType "swiss"]
[EventRounds "9"]
[EventCountry "SCO"]
[Source "Chess Scotland"]
[SourceDate "2012.07.24"]

1. Nf3 Nf6 2. g3 g6 3. Bg2 Bg7 4. d3 O-O 5. e4 d6 6. O-O Nbd7 7. Nbd2 e5 8. a4
Kh8 9. Nc4 Nb6 10. Ne3 Ng8 11. d4 f6 12. c3 Bd7 13. h4 Nc8 14. Qb3 Rb8 15. Rd1
Nce7 16. dxe5 dxe5 17. Bh3 f5 18. Ng5 Qe8 19. Ne6 Bxe6 20. Qxe6 Nc6 21. exf5
Qxe6 22. fxe6 Rbd8 23. Bd2 Bh6 24. Nc4 Bxd2 25. Rxd2 Rxd2 26. Nxd2 Re8 27. Re1
Nge7 28. Nf3 Kg7 29. Nxe5 Nxe5 30. Rxe5 Kf6 31. f4 Nf5 32. Kf2 h5 33. Bg2 c6
34. a5 a6 35. Be4 Rxe6 36. Rxe6+ Kxe6 37. Kf3 Kf6 38. Bxf5 gxf5 39. Ke3 c5 40.
Kd3 Ke6 41. Kc4 Kd6 42. b4 cxb4 43. cxb4 Kc6 44. b5+ Kd6 45. bxa6 bxa6 46. Kd4
Kc6 47. Ke5 Kb5 48. Kxf5 Kxa5 49. Kg6 1-0

[Event "119th Scottish Championship"]
[Site "Glasgow"]
[Date "2012.07.10"]
[Round "4"]
[White "Burnett, Walter"]
[Black "Tate, Alan"]
[Result "0-1"]
[WhiteElo "2015"]
[BlackElo "2346"]
[PlyCount "98"]
[EventDate "2012.07.07"]
[EventType "swiss"]
[EventRounds "9"]
[EventCountry "SCO"]
[Source "Chess Scotland"]
[SourceDate "2012.07.24"]

1. f4 c5 2. Nf3 g6 3. g3 Bg7 4. Bg2 Nc6 5. O-O e6 6. d3 Nge7 7. e4 O-O 8. c3 b6
9. Nbd2 Ba6 10. Qc2 Rc8 11. g4 f5 12. gxf5 exf5 13. e5 d5 14. Ng5 Qd7 15. Ndf3
h6 16. Nh3 b5 17. Qf2 Nd8 18. Be3 Ne6 19. a3 Rfd8 20. b4 d4 21. cxd4 cxd4 22.
Bc1 Bb7 23. Bb2 Bd5 24. Rac1 Rxc1 25. Rxc1 Nc6 26. Nh4 Kf7 27. Bxd5 Qxd5 28.
Rc5 Nxc5 29. bxc5 Bf8 30. Qe2 Bxc5 31. Nf3 Be7 32. Qg2 a5 33. Bc1 b4 34. axb4
axb4 35. Bb2 Kg7 36. Qf2 b3 37. Kg2 g5 38. fxg5 hxg5 39. Kg1 g4 40. Nh4 Bxh4
41. Qxh4 Qxe5 42. Qg5+ Kf7 43. Qh5+ Ke6 44. Ng5+ Kd7 45. Qf7+ Kc8 46. Ne6 Rh8
47. Kf1 Qxh2 48. Bxd4 Nxd4 49. Nxd4 Qf4+ 0-1

[Event "119th Scottish Championship"]
[Site "Glasgow"]
[Date "2012.07.10"]
[Round "4"]
[White "Quinn, David"]
[Black "Swan, Iain"]
[Result "0-1"]
[WhiteElo "1969"]
[BlackElo "2259"]
[PlyCount "48"]
[EventDate "2012.07.07"]
[EventType "swiss"]
[EventRounds "9"]
[EventCountry "SCO"]
[Source "Chess Scotland"]
[SourceDate "2012.07.24"]

1. d4 d5 2. Nf3 Nc6 3. g3 Bf5 4. Bg2 e6 5. O-O Nb4 6. Na3 Be7 7. c3 Na6 8. b4
Nf6 9. b5 Nb8 10. c4 a6 11. Qb3 O-O 12. Ne5 Nbd7 13. Rd1 axb5 14. Nxb5 Nxe5 15.
dxe5 dxc4 16. Rxd8 cxb3 17. Rxf8+ Kxf8 18. Bxb7 Rxa2 19. Rxa2 bxa2 20. Bb2 Be4
21. Ba6 Nd5 22. Nd4 Nb4 23. Bc4 c5 24. Nb5 Bd5 0-1

[Event "119th Scottish Championship"]
[Site "Glasgow"]
[Date "2012.07.10"]
[Round "4"]
[White "Lindner, Daniel"]
[Black "Hilton, Stephen H"]
[Result "1-0"]
[WhiteElo "2198"]
[BlackElo "1918"]
[PlyCount "73"]
[EventDate "2012.07.07"]
[EventType "swiss"]
[EventRounds "9"]
[EventCountry "SCO"]
[Source "Chess Scotland"]
[SourceDate "2012.07.24"]

1. c4 e5 2. g3 Nc6 3. Nc3 g6 4. Bg2 Bg7 5. e4 d6 6. Nge2 Nge7 7. d3 f5 8. O-O
O-O 9. Nd5 Be6 10. Bd2 h6 11. b4 Qd7 12. Rb1 Nd8 13. b5 g5 14. Nxe7+ Qxe7 15.
exf5 Bxf5 16. Nc3 Qd7 17. Be3 c6 18. a4 Bh3 19. Qb3 Bxg2 20. Kxg2 Ne6 21. bxc6
bxc6 22. Qb7 Nf4+ 23. Bxf4 Qxb7 24. Rxb7 gxf4 25. Rfb1 fxg3 26. hxg3 Rf7 27.
Rxf7 Kxf7 28. Rb7+ Kg6 29. Rc7 c5 30. Nb5 Bf8 31. Rxa7 Rd8 32. Kf3 d5 33. cxd5
Rxd5 34. Ke4 Rd8 35. a5 Rb8 36. Ra6+ Kg5 37. Rb6 1-0

[Event "119th Scottish Championship"]
[Site "Glasgow"]
[Date "2012.07.10"]
[Round "4"]
[White "Grove, Michael"]
[Black "Rysbayeva, Aigerim"]
[Result "1/2-1/2"]
[WhiteElo "1955"]
[BlackElo "2175"]
[PlyCount "130"]
[EventDate "2012.07.07"]
[EventType "swiss"]
[EventRounds "9"]
[EventCountry "SCO"]
[Source "Chess Scotland"]
[SourceDate "2012.07.24"]

1. e4 c5 2. c4 Nc6 3. Nf3 d6 4. d4 cxd4 5. Nxd4 Nf6 6. Nc3 g6 7. Be2 Bg7 8. Be3
O-O 9. O-O a6 10. f3 Nxd4 11. Bxd4 Be6 12. Qd2 Rc8 13. b3 Nd7 14. Bxg7 Kxg7 15.
f4 f5 16. exf5 Bxf5 17. Bf3 Qb6+ 18. Kh1 Nf6 19. Rfe1 e6 20. Rad1 Rfd8 21. Qe2
h5 22. Nd5 Nxd5 23. cxd5 Rc2 24. Rd2 Rxd2 25. Qxd2 Re8 26. dxe6 Rxe6 27. Qc3+
Kh7 28. Rxe6 Bxe6 29. Qf6 Qe3 30. h3 d5 31. Qe5 Qc1+ 32. Kh2 Qc6 33. Qb8 Qd7
34. Qa7 Bf5 35. Qd4 Be6 36. a4 Qf7 37. Kg1 Qf5 38. Qb4 Qf7 39. Qd4 Qf5 40. b4
Qf7 41. b5 axb5 42. axb5 Qd7 43. Qe5 b6 44. Kf2 Bf7 45. Qf6 Qc7 46. Qd4 Qd6 47.
Be2 Be8 48. Bc4 Bd7 49. Bd3 Bf5 50. Bxf5 gxf5 51. Qe5 Qc5+ 52. Kg3 Qxb5 53.
Qxf5+ Kg7 54. Kh4 Qc4 55. Kg5 b5 56. Qf6+ Kg8 57. Qd8+ Kg7 58. Qd7+ Kg8 59. f5
d4 60. Qe8+ Kh7 61. Qxh5+ Kg8 62. Qe8+ Kh7 63. Kf6 Qc7 64. Qxb5 Qg7+ 65. Ke6
Qxg2 1/2-1/2

[Event "119th Scottish Championship"]
[Site "Glasgow"]
[Date "2012.07.10"]
[Round "4"]
[White "Grant, Alan G"]
[Black "Thomas, Phil"]
[Result "1-0"]
[WhiteElo "2155"]
[BlackElo "1900"]
[PlyCount "69"]
[EventDate "2012.07.07"]
[EventType "swiss"]
[EventRounds "9"]
[EventCountry "SCO"]
[Source "Chess Scotland"]
[SourceDate "2012.07.24"]

1. Nf3 Nf6 2. c4 e6 3. b3 c5 4. Bb2 Be7 5. g3 O-O 6. Bg2 d6 7. O-O Nbd7 8. Nc3
Rb8 9. d4 a6 10. a4 h6 11. Rc1 Nh7 12. e3 Qc7 13. Nd2 f5 14. f4 Ndf6 15. Qe2
Re8 16. Nf3 b6 17. Rfd1 Bb7 18. d5 exd5 19. cxd5 Kf7 20. Qd3 g6 21. Nh4 Bf8 22.
e4 Bg7 23. exf5 g5 24. fxg5 hxg5 25. Nf3 Ng4 26. Re1 Ne5 27. Qd2 Bf6 28. Ne4
Nxf3+ 29. Bxf3 Bxb2 30. Qxb2 Re5 31. Nxd6+ Qxd6 32. Rxe5 Nf6 33. Re6 Qd8 34.
Rce1 g4 35. Re7+ 1-0

[Event "119th Scottish Championship"]
[Site "Glasgow"]
[Date "2012.07.10"]
[Round "4"]
[White "Ridge, Michael"]
[Black "Spencer, Edwin A"]
[Result "0-1"]
[WhiteElo "1927"]
[BlackElo "2145"]
[PlyCount "80"]
[EventDate "2012.07.07"]
[EventType "swiss"]
[EventRounds "9"]
[EventCountry "SCO"]
[Source "Chess Scotland"]
[SourceDate "2012.07.24"]

1. e4 e5 2. Nf3 Nc6 3. Bc4 Nf6 4. Ng5 d5 5. exd5 Na5 6. Bb5+ c6 7. dxc6 bxc6 8.
Bd3 h6 9. Ne4 Nd5 10. O-O Nf4 11. Re1 Nxd3 12. cxd3 Qd4 13. Re3 Be7 14. Nbc3
O-O 15. Ne2 Qb6 16. N4c3 Bd6 17. Ne4 Bd7 18. N4c3 Qc7 19. Qa4 Rab8 20. Qc2 Rfd8
21. b4 Bxb4 22. Bb2 Bc5 23. Rg3 Bf5 24. Ne4 Bxe4 25. dxe4 Qb6 26. Bxe5 Bxf2+
27. Kh1 Bxg3 28. Nxg3 Rb7 29. Rf1 Qb5 30. Bxg7 Kxg7 31. Nf5+ Kh7 32. Ng3 Rd3
33. Re1 Rbd7 34. e5 Qc4 35. Qb1 Kh8 36. Nh5 Qh4 37. Nf6 Rb7 38. Qd1 Nc4 39. Re4
Rxd2 40. Qc1 Rbd7 0-1

[Event "119th Scottish Championship"]
[Site "Glasgow"]
[Date "2012.07.10"]
[Round "4"]
[White "Green, Andrew"]
[Black "Klug, Christian"]
[Result "1-0"]
[WhiteElo "2144"]
[BlackElo "1894"]
[PlyCount "43"]
[EventDate "2012.07.07"]
[EventType "swiss"]
[EventRounds "9"]
[EventCountry "SCO"]
[Source "Chess Scotland"]
[SourceDate "2012.07.24"]

1. e4 e5 2. Nf3 Nc6 3. Bb5 f5 4. d3 fxe4 5. dxe4 Nf6 6. Qe2 Bc5 7. O-O d6 8.
Qc4 Qe7 9. Nc3 Bd7 10. Nd5 Nxd5 11. exd5 Nd4 12. Nxd4 Bxd4 13. c3 Bb6 14. a4 a6
15. Bxd7+ Qxd7 16. Be3 Bxe3 17. fxe3 Rf8 18. b4 Rxf1+ 19. Rxf1 a5 20. bxa5 Rxa5
21. Qh4 g6 22. Qf6 1-0

[Event "119th Scottish Championship"]
[Site "Glasgow"]
[Date "2012.07.10"]
[Round "4"]
[White "McKenna, Jason P"]
[Black "Dawson, Alastair"]
[Result "1-0"]
[WhiteElo "2115"]
[BlackElo "1891"]
[PlyCount "71"]
[EventDate "2012.07.07"]
[EventType "swiss"]
[EventRounds "9"]
[EventCountry "SCO"]
[Source "Chess Scotland"]
[SourceDate "2012.07.24"]

1. e4 e6 2. d4 d5 3. Nc3 dxe4 4. Nxe4 Bd7 5. Nf3 Bc6 6. Bd3 Nd7 7. O-O Ngf6 8.
Ned2 Be7 9. Re1 O-O 10. Nc4 Bxf3 11. Qxf3 c5 12. c3 cxd4 13. cxd4 Nd5 14. Ne5
N7f6 15. a3 Qb6 16. g4 Rad8 17. Qh3 g6 18. Bh6 Qxd4 19. Bxf8 Rxf8 20. Qf3 Bd6
21. Nc4 Bb8 22. g5 Ng4 23. Re4 Nxh2 24. Qe2 Qc5 25. Ne5 Nf4 26. Rxf4 Bxe5 27.
Rc4 Qd6 28. Rd1 Qb8 29. Qe4 f5 30. gxf6 Rxf6 31. Be2 Rf4 32. Qd3 Rf8 33. Qd7
Qe8 34. Qxe8 Rxe8 35. Rh4 Bxb2 36. Kxh2 1-0

[Event "119th Scottish Championship"]
[Site "Glasgow"]
[Date "2012.07.10"]
[Round "4"]
[White "Vincenti, David"]
[Black "Schmerwitz, Reinhard"]
[Result "1-0"]
[WhiteElo "2091"]
[BlackElo "1874"]
[PlyCount "89"]
[EventDate "2012.07.07"]
[EventType "swiss"]
[EventRounds "9"]
[EventCountry "SCO"]
[Source "Chess Scotland"]
[SourceDate "2012.07.24"]

1. d4 Nf6 2. c4 e6 3. Nc3 Bb4 4. Qc2 O-O 5. a3 Bxc3+ 6. Qxc3 b6 7. Bg5 h6 8.
Bh4 d6 9. f3 Nbd7 10. e3 Re8 11. Nh3 e5 12. dxe5 Nxe5 13. Nf2 Bf5 14. Be2 Qe7
15. O-O Ned7 16. Nd1 Qe6 17. Re1 g5 18. Bf2 g4 19. e4 Bg6 20. Ne3 gxf3 21. gxf3
Qh3 22. Nd5 Nxd5 23. cxd5 Rac8 24. Bg3 Ne5 25. Ba6 Rcd8 26. Re3 f5 27. Bxe5
dxe5 28. f4 Qh4 29. Rg3 Kh7 30. Qxc7+ Qe7 31. Rc1 exf4 32. Qxf4 fxe4 33. Rc7
Rd7 34. Rxg6 Kxg6 35. Qg4+ Qg5 36. Qxg5+ Kxg5 37. Rxd7 Kf4 38. Kf2 Rg8 39. Re7
Rd8 40. Bb7 Rd6 41. Re6 Rd7 42. Bc6 Rc7 43. Rxh6 b5 44. Rh4+ Ke5 45. Ke3 1-0

[Event "119th Scottish Championship"]
[Site "Glasgow"]
[Date "2012.07.10"]
[Round "4"]
[White "Borwell, Alan P"]
[Black "Jelfs, Alan"]
[Result "0-1"]
[WhiteElo "2078"]
[BlackElo "1852"]
[PlyCount "33"]
[EventDate "2012.07.07"]
[EventType "swiss"]
[EventRounds "9"]
[EventCountry "SCO"]
[Source "Chess Scotland"]
[SourceDate "2012.07.24"]

1. e4 e5 2. Nf3 Nc6 3. Bb5 Bc5 4. c3 f5 5. O-O fxe4 6. Nxe5 Nxe5 7. d4 c6 8.
Be2 Bxd4 9. cxd4 Nf7 10. f3 e3 11. d5 Qe7 12. Re1 Nf6 13. Nc3 O-O 14. Bc4 Qc5
15. Qe2 cxd5 16. Bxe3 Qxc4 17. Qd2 0-1

[Event "119th Scottish Championship"]
[Site "Glasgow"]
[Date "2012.07.10"]
[Round "4"]
[White "Bhopal, Raj"]
[Black "McClement, Andrew"]
[Result "1/2-1/2"]
[WhiteElo "1808"]
[BlackElo "2075"]
[PlyCount "57"]
[EventDate "2012.07.07"]
[EventType "swiss"]
[EventRounds "9"]
[EventCountry "SCO"]
[Source "Chess Scotland"]
[SourceDate "2012.07.24"]

1. d4 Nf6 2. Nf3 d5 3. Bf4 c5 4. dxc5 e6 5. b4 a5 6. c3 axb4 7. cxb4 b6 8. e3
bxc5 9. b5 Nbd7 10. Be2 Qa5+ 11. Kf1 c4 12. a4 Bb7 13. Qc2 Ne4 14. Ne5 Ndc5 15.
f3 Nb3 16. Ra2 Nec5 17. Nc3 Qb4 18. Kf2 Nxa4 19. Nxa4 Rxa4 20. Rb1 Bc5 21. Rxa4
Qxa4 22. Nxc4 dxc4 23. Bxc4 Bd5 24. Bxb3 Bxb3 25. Rxb3 O-O 26. Rb2 Qxf4 27.
Qxc5 Qh4+ 28. Kf1 Qxh2 29. Qd4 1/2-1/2

[Event "119th Scottish Championship"]
[Site "Glasgow"]
[Date "2012.07.10"]
[Round "4"]
[White "McKerracher, Douglas"]
[Black "Campbell, Eoin"]
[Result "1-0"]
[WhiteElo "2030"]
[BlackElo "1868"]
[PlyCount "77"]
[EventDate "2012.07.07"]
[EventType "swiss"]
[EventRounds "9"]
[EventCountry "SCO"]
[Source "Chess Scotland"]
[SourceDate "2012.07.24"]

1. e4 e6 2. d3 d5 3. Nd2 c5 4. Ngf3 Nc6 5. g3 g6 6. Bg2 Bg7 7. O-O Nge7 8. a4
b6 9. Re1 a5 10. exd5 exd5 11. Nf1 O-O 12. c3 Ra7 13. Bg5 h6 14. Bd2 Bf5 15. d4
cxd4 16. cxd4 Nb4 17. Bxb4 axb4 18. Ne5 Bxe5 19. dxe5 Qd7 20. Qb3 Rc8 21. Qxb4
Rc4 22. Qb3 Bc2 23. Qxb6 Nf5 24. e6 fxe6 25. Rxe6 Rb7 26. Rxg6+ Ng7 27. Rd6
Rxb6 28. Rxd7 Be4 29. Bxe4 dxe4 30. a5 Ra6 31. Rb7 Nf5 32. b4 Nd4 33. b5 Ra8
34. a6 Rb4 35. b6 Nf3+ 36. Kh1 e3 37. Nxe3 Rxa6 38. Rxa6 Rb1+ 39. Kg2 1-0

[Event "119th Scottish Championship"]
[Site "Glasgow"]
[Date "2012.07.10"]
[Round "4"]
[White "Kleboe, Jim PR"]
[Black "James, Chris"]
[Result "1/2-1/2"]
[WhiteElo "1866"]
[BlackElo "2028"]
[PlyCount "106"]
[EventDate "2012.07.07"]
[EventType "swiss"]
[EventRounds "9"]
[EventCountry "SCO"]
[Source "Chess Scotland"]
[SourceDate "2012.07.24"]

1. e4 c5 2. Ne2 Nc6 3. g3 d6 4. Bg2 e5 5. O-O Be7 6. Nbc3 Nf6 7. d3 O-O 8. a3
a6 9. f4 b5 10. Nd5 Nd4 11. Nxe7+ Qxe7 12. c3 Nxe2+ 13. Qxe2 Bb7 14. f5 d5 15.
Bg5 d4 16. cxd4 cxd4 17. Rac1 Rfc8 18. Qd2 h6 19. Bh4 Qd6 20. Bh3 Re8 21. Bxf6
Qxf6 22. Rc7 Qb6 23. Rfc1 Rac8 24. Rxc8 Bxc8 25. Rc2 Bd7 26. Qc1 Qb8 27. g4 Rc8
28. b4 Rxc2 29. Qxc2 Qc8 30. Qxc8+ Bxc8 31. Bf1 g6 32. Be2 Kg7 33. Bd1 h5 34.
h3 hxg4 35. hxg4 Kh6 36. Kf2 Kg5 37. Kg3 f6 38. Bb3 gxf5 39. gxf5 Kh5 40. Bd5
Kg5 41. Be6 Bb7 42. Bd7 Kh5 43. Be6 Kg5 44. Bf7 Bc8 45. Be8 Bb7 46. a4 bxa4 47.
Bxa4 Kh5 48. Be8+ Kg5 49. b5 axb5 50. Bxb5 Bc8 51. Kf3 Bb7 52. Bc4 Kh4 53. Bd5
Ba6 1/2-1/2

[Event "119th Scottish Championship"]
[Site "Glasgow"]
[Date "2012.07.10"]
[Round "4"]
[White "Sigurdarson, Emil"]
[Black "Doyle, James"]
[Result "1/2-1/2"]
[WhiteElo "1808"]
[BlackElo "2020"]
[PlyCount "130"]
[EventDate "2012.07.07"]
[EventType "swiss"]
[EventRounds "9"]
[EventCountry "SCO"]
[Source "Chess Scotland"]
[SourceDate "2012.07.24"]

1. e4 c6 2. d4 d5 3. Nd2 dxe4 4. Nxe4 Nf6 5. Nxf6+ gxf6 6. g3 Qd5 7. Nf3 Bf5 8.
c4 Qe4+ 9. Be3 e6 10. a3 Bh6 11. Qe2 Bxe3 12. Qxe3 Nd7 13. Bg2 Nb6 14. b3 Rd8
15. O-O Qxe3 16. fxe3 Be4 17. Nd2 Bxg2 18. Kxg2 f5 19. Nf3 Ke7 20. Rae1 Rhg8
21. Kf2 Nd7 22. Ke2 Nf6 23. Kd3 Ne4 24. Nd2 Nxd2 25. Kxd2 c5 26. Kc3 cxd4+ 27.
exd4 Kf6 28. Rf4 h5 29. b4 Rg4 30. Ref1 Ke7 31. a4 Rh8 32. c5 h4 33. Rxg4 fxg4
34. gxh4 Rxh4 35. Rf2 f5 36. Kc4 Rh3 37. d5 exd5+ 38. Kxd5 Rf3 39. Rd2 f4 40.
c6 Kd8 41. Kc5+ Kc8 42. cxb7+ Kxb7 43. Rd7+ Kc8 44. Rg7 g3 45. hxg3 Rxg3 46.
Rf7 f3 47. Kb5 Rg5+ 48. Ka6 Rg6+ 49. Ka5 Rg3 50. b5 Rh3 51. Rf4 Rg3 52. Kb4 Kc7
53. a5 f2 54. Rf7+ Kd6 55. Rxf2 Rg4+ 56. Ka3 Rg3+ 57. Ka2 Rg5 58. Rb2 Kc7 59.
Ka3 Kb7 60. Ka4 Rg4+ 61. Rb4 Rg1 62. Rc4 a6 63. b6 Ra1+ 64. Kb4 Rb1+ 65. Kc3
Rb5 1/2-1/2

[Event "119th Scottish Championship"]
[Site "Glasgow"]
[Date "2012.07.10"]
[Round "4"]
[White "Robinson, Stephen CE"]
[Black "Pyrich, George"]
[Result "1-0"]
[WhiteElo "1710"]
[BlackElo "2007"]
[PlyCount "71"]
[EventDate "2012.07.07"]
[EventType "swiss"]
[EventRounds "9"]
[EventCountry "SCO"]
[Source "Chess Scotland"]
[SourceDate "2012.07.24"]

1. b4 e5 2. Bb2 Bxb4 3. f4 exf4 4. Bxg7 Qh4+ 5. g3 fxg3 6. Bg2 gxh2+ 7. Kf1
hxg1=Q+ 8. Kxg1 Qg5 9. Bxh8 Nf6 10. Bxf6 Qxf6 11. c3 Ba5 12. Rxh7 Nc6 13. d4
Bb6 14. e3 d5 15. Qh5 Ke7 16. Qxd5 Bf5 17. Rh2 Rg8 18. Nd2 Be6 19. Qf3 Qxf3 20.
Nxf3 Ba5 21. Rc1 b5 22. a3 Bb6 23. Kf2 Na5 24. Nd2 Rg5 25. Bf3 c5 26. Rch1 cxd4
27. exd4 Nc4 28. Nxc4 Bxc4 29. Rh5 Rxh5 30. Bxh5 Ba5 31. Rh3 Bc7 32. Bd1 Bd6
33. a4 b4 34. cxb4 Bxb4 35. Bb3 Ba6 36. Rh7 1-0

[Event "119th Scottish Championship"]
[Site "Glasgow"]
[Date "2012.07.10"]
[Round "4"]
[White "Walker, Duncan"]
[Black "Lees, Fraser A"]
[Result "1-0"]
[WhiteElo "1991"]
[BlackElo "1648"]
[PlyCount "75"]
[EventDate "2012.07.07"]
[EventType "swiss"]
[EventRounds "9"]
[EventCountry "SCO"]
[Source "Chess Scotland"]
[SourceDate "2012.07.24"]

1. d4 Nf6 2. Bg5 d6 3. Nf3 Nbd7 4. g3 g6 5. Bg2 Bg7 6. O-O O-O 7. c4 h6 8. Bf4
c5 9. dxc5 Nxc5 10. Nc3 Qb6 11. Na4 Nxa4 12. Qxa4 Bd7 13. Qa3 Ng4 14. Bc1 Rfc8
15. h3 Nf6 16. Be3 Qc7 17. Rac1 Bc6 18. Rfd1 b6 19. b4 a5 20. c5 bxc5 21. bxc5
d5 22. Bf4 Qa7 23. Ne5 e6 24. Rb1 Nd7 25. Nxd7 Bxd7 26. Bd6 Bc6 27. Rb6 Bf8 28.
Rdb1 Bxd6 29. cxd6 Rab8 30. Qe3 Rxb6 31. Rxb6 Kh7 32. Kh2 Bd7 33. Qb3 Bc6 34.
h4 Qd7 35. Qa3 a4 36. e3 Kg7 37. Bf1 Ra8 38. Qc3+ 1-0

[Event "119th Scottish Championship"]
[Site "Glasgow"]
[Date "2012.07.10"]
[Round "4"]
[White "Mirza, Diana"]
[Black "Brunello, Roberta"]
[Result "0-1"]
[WhiteElo "1668"]
[BlackElo "1982"]
[PlyCount "78"]
[EventDate "2012.07.07"]
[EventType "swiss"]
[EventRounds "9"]
[EventCountry "SCO"]
[Source "Chess Scotland"]
[SourceDate "2012.07.24"]

1. e4 e5 2. Nf3 Nc6 3. Bb5 d6 4. Nc3 Nf6 5. O-O Be7 6. d4 Bd7 7. Re1 exd4 8.
Nxd4 O-O 9. Bxc6 bxc6 10. Bf4 c5 11. Nf3 Bg4 12. h3 Bxf3 13. Qxf3 Nd7 14. Rad1
Bf6 15. Nd5 Bxb2 16. Nxc7 Qxc7 17. Bxd6 Qa5 18. Bxf8 Nxf8 19. Qb3 Be5 20. Qd5
Re8 21. Re3 Qc7 22. Rb3 Qe7 23. Rb7 Qf6 24. Rxa7 Bd4 25. Qf5 Qxf5 26. exf5 Re2
27. Ra8 Rxc2 28. a4 g6 29. Rc8 Rc4 30. Re1 Kg7 31. fxg6 hxg6 32. Rc7 Kf6 33. a5
Ne6 34. Rc6 Rc2 35. Rd1 Ra2 36. a6 Ke5 37. Rb1 Kd5 38. Rcb6 c4 39. Rd1 c3 0-1

[Event "119th Scottish Championship"]
[Site "Glasgow"]
[Date "2012.07.10"]
[Round "4"]
[White "Deary, Daniel"]
[Black "Smith, Stephen H"]
[Result "0-1"]
[WhiteElo "1269"]
[BlackElo "1805"]
[PlyCount "98"]
[EventDate "2012.07.07"]
[EventType "swiss"]
[EventRounds "9"]
[EventCountry "SCO"]
[Source "Chess Scotland"]
[SourceDate "2012.07.24"]

1. e4 e6 2. d4 d5 3. Nc3 Bb4 4. e5 Ne7 5. a3 Bxc3+ 6. bxc3 c5 7. a4 Nbc6 8. Ba3
cxd4 9. cxd4 Qa5+ 10. Ke2 Nf5 11. Bb2 Qb4 12. Rb1 Ncxd4+ 13. Bxd4 Qxd4 14. Qxd4
Nxd4+ 15. Kd2 O-O 16. c3 Nc6 17. f4 b6 18. Bb5 Bb7 19. Nf3 Rfc8 20. Nd4 Nxd4
21. cxd4 Rc7 22. Rhc1 Rac8 23. Rxc7 Rxc7 24. Rc1 Rxc1 25. Kxc1 Kf8 26. Kd2 Ke7
27. Bd3 Bc6 28. Bc2 g6 29. Kc3 Kd7 30. h4 h5 31. Kb4 a5+ 32. Kb3 b5 33. axb5
Bxb5 34. Ka3 Kc6 35. Bd1 Kb6 36. g4 hxg4 37. Bxg4 Bd3 38. Kb3 Kb5 39. Kc3 Bf5
40. Be2+ Ka4 41. Ba6 Ka3 42. Bb5 Ka2 43. Ba4 Kb1 44. Bb3 Kc1 45. Ba4 Bg4 46.
Be8 Bd1 47. Kd3 Bg4 48. Ke3 Kc2 49. Ba4+ Kc3 0-1

[Event "119th Scottish Championship"]
[Site "Glasgow"]
[Date "2012.07.10"]
[Round "4"]
[White "Mirza, Gabriel"]
[Black "Zamvar, Vipin"]
[Result "1-0"]
[WhiteElo "1772"]
[BlackElo "1676"]
[PlyCount "94"]
[EventDate "2012.07.07"]
[EventType "swiss"]
[EventRounds "9"]
[EventCountry "SCO"]
[Source "Chess Scotland"]
[SourceDate "2012.07.24"]

1. Nc3 d5 2. e4 d4 3. Nce2 e5 4. Nf3 Bd6 5. Ng3 Nf6 6. Bc4 c5 7. d3 h6 8. O-O
Nc6 9. a3 O-O 10. h3 Be6 11. Bb5 Qc7 12. Nh2 a6 13. Bxc6 Qxc6 14. b3 b5 15. f4
c4 16. f5 Bd7 17. Bd2 cxb3 18. cxb3 Be7 19. Nf3 Bd6 20. Qb1 Qb6 21. b4 Rac8 22.
Qb3 Qd8 23. Rfc1 Qe7 24. Be1 Rc7 25. Rxc7 Bxc7 26. Rc1 Rc8 27. Nh4 Kh7 28. Nf3
g6 29. fxg6+ fxg6 30. Qd1 Bd6 31. Bd2 g5 32. Nh2 Kg6 33. Qf3 Rxc1+ 34. Bxc1 Qf7
35. Nf5 Bc7 36. h4 Nh5 37. g4 Nf4 38. Bxf4 gxf4 39. Qh3 Qa2 40. Ne7+ Kh7 41.
Nd5 Bd8 42. Nf3 Qb1+ 43. Kh2 Qxd3 44. Ng5+ hxg5 45. Qxd3 gxh4 46. Kh3 Kg6 47.
a4 Kg5 1-0

[Event "119th Scottish Championship"]
[Site "Glasgow"]
[Date "2012.07.10"]
[Round "4"]
[White "McCusker, Andrew"]
[Black "Nepveu, Manuel"]
[Result "0-1"]
[WhiteElo "1217"]
[BlackElo "1955"]
[PlyCount "66"]
[EventDate "2012.07.07"]
[EventType "swiss"]
[EventRounds "9"]
[EventCountry "SCO"]
[Source "Chess Scotland"]
[SourceDate "2012.07.24"]

1. c4 Nf6 2. g3 e6 3. Bg2 d5 4. Nf3 Be7 5. O-O O-O 6. d4 c6 7. Nc3 b6 8. Qc2
Bb7 9. Rd1 Nbd7 10. b3 Qc8 11. e4 dxe4 12. Nxe4 c5 13. Nxf6+ Nxf6 14. Bb2 Rd8
15. dxc5 Qxc5 16. Bd4 Qh5 17. Ne5 Bxg2 18. Kxg2 Rxd4 19. Rxd4 Qxe5 20. Rad1 g6
21. Qc3 Qf5 22. Rf4 Qh5 23. Rd3 e5 24. Rh4 Qf5 25. Rf3 Qe6 26. Qd2 Ng4 27. Rh3
h5 28. Qd5 Qxd5 29. cxd5 Rd8 30. Rd3 e4 31. Rd1 Bc5 32. Rh4 Nxf2 33. Re1 e3 0-1

[Event "119th Scottish Championship"]
[Site "Glasgow"]
[Date "2012.07.10"]
[Round "4"]
[White "Isherwood, Paul"]
[Black "Thomas, Daniel"]
[Result "1/2-1/2"]
[WhiteElo "2024"]
[BlackElo "1793"]
[PlyCount "48"]
[EventDate "2012.07.07"]
[EventType "swiss"]
[EventRounds "9"]
[EventCountry "SCO"]
[Source "Chess Scotland"]
[SourceDate "2012.07.24"]

1. e4 Nf6 2. e5 Nd5 3. d4 e6 4. Nf3 c5 5. c4 Nb6 6. d5 d6 7. dxe6 Bxe6 8. Ng5
d5 9. cxd5 Qxd5 10. Nxe6 Qxe5+ 11. Be2 fxe6 12. O-O Bd6 13. g3 O-O 14. Bf3 Nc6
15. Bxc6 bxc6 16. Nc3 Rad8 17. Re1 Qf6 18. Qe2 Kh8 19. Ne4 Qg6 20. Bg5 Rd7 21.
Nxd6 Qxg5 22. Qxe6 Qd2 23. Nf7+ Kg8 24. Re2 Qd4 1/2-1/2

[Event "119th Scottish Championship"]
[Site "Glasgow"]
[Date "2012.07.10"]
[Round "4"]
[White "Hardarson, Jon Trausti"]
[Black "Floros, Antonios"]
[Result "1/2-1/2"]
[WhiteElo "1774"]
[BlackElo "1780"]
[PlyCount "70"]
[EventDate "2012.07.07"]
[EventType "swiss"]
[EventRounds "9"]
[EventCountry "SCO"]
[Source "Chess Scotland"]
[SourceDate "2012.07.24"]

1. e4 c5 2. Nf3 e6 3. d4 cxd4 4. Nxd4 a6 5. Nc3 b5 6. Be3 Qc7 7. f3 Bb7 8. Be2
Bb4 9. Qd2 Nc6 10. a3 Ba5 11. O-O Nxd4 12. Bxd4 e5 13. Be3 Rc8 14. Rfd1 Nf6 15.
Bg5 Bxc3 16. bxc3 Qxc3 17. Bxf6 Qxd2 18. Rxd2 gxf6 19. a4 Rc5 20. axb5 axb5 21.
Rb1 Bc6 22. c4 b4 23. Rxb4 Ke7 24. Kf2 Ra8 25. Rdb2 Rca5 26. Rb8 Rxb8 27. Rxb8
Ra8 28. Rxa8 Bxa8 29. c5 d6 30. cxd6+ Kxd6 31. Bc4 Ke7 32. Kg3 Bc6 33. Kg4 Kf8
34. Kh5 Kg7 35. g3 Ba4 1/2-1/2